Využiteľnosť rôznej rastlinnej hmoty pri kompostovaní
Prínosy kompostovania odpadov rastlinného pôvodu pre životné prostredie, poľnohospodárstvo, záhradkárstvo i verejnú zeleň. Chyby a nedostatky, ktoré znižujú účinnosť kompostovania.
Uložené v:
| Hlavný autor: | |
|---|---|
| Ďalší autori: | , |
| Médium: | Kapitola |
| Jazyk: | Slovak |
| Predmet: | |
| Tagy: |
Žiadne tagy, Buďte prvý, kto otaguje tento záznam!
|
MARC
| LEADER | 00000naa a2200000 4500 | ||
|---|---|---|---|
| 001 | 0219969 | ||
| 005 | 20240502073622.9 | ||
| 041 | 0 | |a slo | |
| 044 | |a SK | ||
| 245 | 1 | 0 | |a Využiteľnosť rôznej rastlinnej hmoty pri kompostovaní |c Marián Sudzina, Katarína Rovná, Michal Stričík |
| 520 | |a Prínosy kompostovania odpadov rastlinného pôvodu pre životné prostredie, poľnohospodárstvo, záhradkárstvo i verejnú zeleň. Chyby a nedostatky, ktoré znižujú účinnosť kompostovania. | ||
| 610 | 2 | 0 | |a rastliny priemyselné |
| 610 | 2 | 0 | |a biomasa |
| 610 | 2 | 0 | |a odpad |
| 610 | 2 | 0 | |a hnojivá organické |
| 610 | 2 | 0 | |a rekultivácia |
| 610 | 2 | 0 | |a poľnohospodárstvo |
| 610 | 2 | 0 | |a záhradkárstvo |
| 100 | 1 | |a Sudzina, Marián | |
| 700 | 1 | |a Rovná, Katarína | |
| 700 | 1 | |a Stričík, Michal, 1969- | |